Zhou yi han shu yue cun : [juan shou 3 juan, 15 juan] /
Saved in:
| Main Author: | |
|---|---|
| Format: | Book |
| Language: | Chinese |
| Published: |
[Taibei] :
Taiwan shang wu yin shu guan,
[1983]
|
| Series: | Ying yin Wen yuan ge Si ku quan shu ;
di 48 ce. |
| Subjects: | |
| Tags: |
Add Tag
No Tags, Be the first to tag this record!
|
| LEADER | 01901cam a2200397 a 4500 | ||
|---|---|---|---|
| 001 | 003473244-6 | ||
| 005 | 20024617105648.0 | ||
| 008 | 930210s1983 ch a 000 0 chi d | ||
| 035 | 0 | |a ocm27409546 | |
| 040 | |a CLU |c CLU |d MH-HY |d CStRLIN | ||
| 100 | 1 | |6 880-01 |a Hu, Xu, |d 1655-1736. | |
| 245 | 1 | 0 | |6 880-02 |a Zhou yi han shu yue cun : |b [juan shou 3 juan, 15 juan] / |c (Qing) Hu Xu zhuan. |
| 260 | |6 880-03 |a [Taibei] : |b Taiwan shang wu yin shu guan, |c [1983] | ||
| 300 | |a 1085 p. ; |c 28 cm. | ||
| 490 | 1 | |6 880-04 |a Ying yin Wen yuan ge Si ku quan shu ; |v di 48 ce | |
| 500 | |6 880-05 |a Reproduced from the collection in possession of Guo li gu gong bo wu yuan. | ||
| 500 | |a Each page represents 2 leaves of the original. | ||
| 500 | |6 880-06 |a Series title on cover and spine: Ying yin Wen yuan ge Si ku quan shu. Jing bu 42, Yi lei. | ||
| 500 | |6 880-07 |a Fu: Zhou yi han shu yue zhu (p. 399-816) -- Zhou yi han shu bie ji (p. 817-1085) | ||
| 650 | 0 | 0 | |6 880-08 |a Yi jing. |
| 740 | 0 | |6 880-09 |a Zhou yi han shu yue zhu. | |
| 740 | 0 | |6 880-10 |a Zhou yi han shu bie ji. | |
| 880 | 1 | |6 100-01 |a 胡煦, |d 1655-1736. | |
| 880 | 1 | 0 | |6 245-02 |a 周易函書約存 : |b [卷首3卷, 15卷] / |c (淸) 胡煦撰. |
| 880 | |6 260-03 |a [台北] : |b 臺灣商務印書館, |c [1983] | ||
| 880 | 1 | |6 490-04 |a 景印文淵閣四庫全書 ; |v 第 48册 | |
| 880 | |6 500-05 |a Reproduced from the collection in possession of 國立故宮博物院. | ||
| 880 | |6 500-06 |a Series title on cover and spine: 景印文淵閣四庫全書. 經部42, 易類. | ||
| 880 | |6 500-07 |a 附: 周易函書約註 (p. 399-816) -- 周易函書別集 (p. 817-1085) | ||
| 880 | 0 | 0 | |6 650-08 |a 易經. |
| 880 | 0 | |6 740-09 |a 周易函書約註. | |
| 880 | 0 | |6 740-10 |a 周易函書別集. | |
| 830 | 0 | |6 880-54 |a Ying yin Wen yuan ge Si ku quan shu ; |v di 48 ce. | |
| 880 | 0 | |6 830-54 |a 景印文淵閣四庫全書 ; |v 第 48册. | |
| 988 | |a 20021103 | ||
| 906 | |0 OCLC | ||


